000 00513nam a2200169Ia 4500
003 GCL
008 140319s9999 xx 000 0 ara d
040 _aGCL /
_cGCL
082 0 4 _a813.03
_bى ن
100 1 _aيحيى يخلف
245 1 0 _aنجران تحت الصفر:?رواية (هدية من الاديب عبدالفتاح الجمل) /
_cيحيى يخلف
300 _a127 ص
490 _a100 قصة
_v0
650 0 4 _aالادب العربى
650 0 4 _aالقصص العربية
942 _2ddc
_cBK
999 _c46766
_d46766